000 00677nam a22002177a 4500
003 BUBTL
008 231120b ||||| |||| 00| 0 eng d
041 _aeng
082 _a340/ K5271m/ 1987
100 _aKhan, Sardar Muhammad Iqbal Mokal
_95587
245 _aMulla on Transfer of Property Act/
_cSardar Muhammad Iqbal Khan Mokal
260 _aLahore :
_bLaw Publishing Company,
_c1987
300 _a1143 p.
_c21 cm.
500 _aInclude Glossary and Note
505 _aMulla on Transfer of Property Act, Sardar Muhammad Iqbal Khan Mokal, Law
526 _aLaw
650 0 _95586
_aProperty Act Law
856 _k0
_l0
_yDownload
942 _2ddc
_cBK
999 _c7150
_d7150